LDR 00895naa#a2200181#i#450# 001 RU\\bibl\19923 005 20260701155738.3 100 ## _a20260630b2026####ek#y0rusy0150####ca 102 ## _aRU 200 1# _aСОВЕРШЕННЫ ЛИ НОРМАЛЬНЫЕ ФОРМЫ СДНФ И СКНФ? АЛГЕБРАИЧЕСКИЙ «ПАСПОРТ» ЛОГИЧЕСКОЙ ФУНКЦИИ _eСтатья/тезисы конференции 210 1# _aВоронеж _cВоронежский государственный лесотехнический университет имени Г.Ф. Морозова _d2026 215 ## _a5 с. 608 ## _aСтатья/тезисы конференции _2local 675 ## _aАлгоритмы. 004.021 _z 700 #1 _aБоярчук _gА. А. 700 #1 _aАвилова _gО. А. 700 #1 _aЗольников _gКонстантин Владимирович 856 4# _abibl.vgltu.ru _u